<A> gazdasági élénkülés esélyei.

Po hospodárskej kríze vrcholiacej v r. 1992 nenastane oživenie. Príčiny: zastaralá štruktúra výroby, potreba deflačnej politiky v nasledujúcich rokoch a zároveň znižovania deficitu štátnych rozpočtov, akumulovaná vonkajšia zadlženosť. Špecifická kríza maďarského hospodárstva. Automatický rast výroby...

ver descrição completa

Na minha lista:
Detalhes bibliográficos
Autor principal: Erdös, T.
Formato: Capítulo de Livro
Idioma:húngaro
Assuntos:
Tags: Adicionar Tag
Sem tags, seja o primeiro a adicionar uma tag!

MARC

LEADER 00000naa a2200000 4500
001 r010372
005 20221125113508.4
041 0 |a hun 
044 |a HU 
245 1 0 |a <A> gazdasági élénkülés esélyei.  |c T. Erdös 
520 |a Po hospodárskej kríze vrcholiacej v r. 1992 nenastane oživenie. Príčiny: zastaralá štruktúra výroby, potreba deflačnej politiky v nasledujúcich rokoch a zároveň znižovania deficitu štátnych rozpočtov, akumulovaná vonkajšia zadlženosť. Špecifická kríza maďarského hospodárstva. Automatický rast výroby po jej skončení nenasleduje. 
610 2 0 |a kríza hospodárska 
610 2 0 |a MR 
610 2 0 |a 1992 
610 2 0 |a oživenie 
610 2 0 |a štruktúra výroby 
610 2 0 |a deflácia 
610 2 0 |a deficit 
610 2 0 |a rozpočet štátny 
610 2 0 |a zadlženosť zahraničná 
100 1 |a Erdös, T.